Modern operational calculus with applications in technical mathematics (Record no. 543837)
[ view plain ]
| 000 -LEADER | |
|---|---|
| fixed length control field | 00508nam a22001337a 4500 |
| 082 ## - DEWEY DECIMAL CLASSIFICATION NUMBER | |
| Classification number | 515.72 |
| Author Mark | MCL |
| -- | L-1, P-25 |
| 100 ## - MAIN ENTRY--PERSONAL NAME | |
| Personal name | Mclachlan, N.W |
| 9 (RLIN) | 39334 |
| 245 ## - TITLE STATEMENT | |
| Title | Modern operational calculus with applications in technical mathematics |
| Remainder of title | with applications in technical mathematics |
| Statement of responsibility, etc. | N.W, Mclachlan |
| 260 ## - PUBLICATION, DISTRIBUTION, ETC. | |
| Place of publication, distribution, etc. | London |
| Name of publisher, distributor, etc. | Macmillan and CO., Limited St. Martin's street, London |
| Date of publication, distribution, etc. | 1948 |
| 300 ## - PHYSICAL DESCRIPTION | |
| Extent | xiv, 218 p. : |
| Other physical details | ill.; |
| Dimensions | 20 cm |
| 526 ## - STUDY PROGRAM INFORMATION NOTE | |
| Program name | 0 |
| Interest level | 0 |
| Reading level | 0 |
| Title point value | 515_720000000000000_MCL |
| 650 ## - SUBJECT ADDED ENTRY--TOPICAL TERM | |
| Topical term or geographic name entry element | MCE |
| 9 (RLIN) | 379 |
| 942 ## - ADDED ENTRY ELEMENTS (KOHA) | |
| Source of classification or shelving scheme | |
| Koha item type | Book |
| Withdrawn status | Lost status | Source of classification or shelving scheme | Damaged status | Not for loan | Permanent Location | Current Location | Date acquired | Total Checkouts | Full call number | Barcode | Date last seen | Price effective from | Koha item type |
|---|---|---|---|---|---|---|---|---|---|---|---|---|---|
| Military College of Engineering (MCE) | Military College of Engineering (MCE) | 04/03/2014 | 515.72 MCL | MCE-29066 | 04/03/2014 | 04/03/2014 | Book |
